00494nam a2200169Ia 4500003000900000008004100009020001600050040001600066080001700082100002100099245005900120260003600179300001000215490003000225650002600255650004300281IN-BaIIA211028s9999 xx 000 0 eng d a434-94306-1 cIIA Library a52(091)bHOG aHogben, Lancelot 0aAstronomer priest and ancient marinercLancelot Hogben aLondonbWilliam Heinemannc1972 a110p. aThe beginnings of science a Astronomy - History aAstronomy and astrophysics thesaurus